Normal view
MARC view
Entry Personal Name
001 - CONTROL NUMBER
- control field: 44772
003 - CONTROL NUMBER IDENTIFIER
- control field: dpl
005 - DATE AND TIME OF LATEST TRANSACTION
- control field: 20120404131326.0
008 - FIXED-LENGTH DATA ELEMENTS
- fixed length control field: 120404|||a|||||| | ||| d
040 ## - CATALOGING SOURCE
- Original cataloging agency: dpl
- Transcribing agency: dpl
100 ## - HEADING--PERSONAL NAME
- Personal name: Sarkar, R.L.
670 ## - SOURCE DATA FOUND
- Source citation: Work cat.: (dpl): Sarkar, R.L., The Bible, ecology and environment /, 2000
670 ## - SOURCE DATA FOUND
- Source citation: Work cat.: (dpl): Sarkar, R.L., The Bible, ecology and environment /, 2000
